| 000 | 00537nam a22001577a 4500 | ||
|---|---|---|---|
| 003 | NUST - PNEC | ||
| 005 | 20170116181137.0 | ||
| 008 | 151007b xxu||||| |||| 00| 0 eng d | ||
| 040 | _cLIBRARY | ||
| 082 | _a891.5511 NAT | ||
| 100 |
_914403 _aNational Committee for 700th Anniversary of Amir Khusrau 1975 |
||
| 245 |
_aAmir Khusrau : _b critical studies _cNational Committee for 700th Anniversary of Amir Khusrau 1975 |
||
| 260 | _c1975 | ||
| 650 |
_914404 _aAmīr Khusraw Dihlavī, approximately 1253-1325 _xGeneral |
||
| 942 |
_2ddc _cBK |
||
| 999 |
_c70306 _d70306 |
||